000 00320nam a22001457a 4500
008 230515b ||||| |||| 00| 0 eng d
020 _a9780838447253
041 _aeng
080 _2SECOND EDITION
_a37
082 _a37CEL
100 _a24
101 _aEDU
245 _aTHE GRAMMAR BOOK
_cCELCE.M
942 _2udc
_cBK
999 _c59712
_d59712